000 00611nam a2200193Ia 4500
003 GCL
008 140319s9999 xx 000 0 ara d
040 _aGCL /
_cGCL
082 0 4 _a928.1
_bز ا
100 1 _aزهير الماردينى
245 1 0 _aاحمد الصافى النجفى /
_cزهير الماردينى
260 _a[S.N] :
_bرياض الريس للكتب والنشر ،
_c1989
300 _a107 ص
490 _aحكايات مع الادباء
_v0
650 0 4 _aالشعر العربى
650 0 4 _aدواوين وقصائد
650 0 4 _aالادباء العرب
942 _2ddc
_cBK
999 _c55438
_d55438